| 000 | 01284cam a22002773a 4500 | ||
|---|---|---|---|
| 001 | 6320 | ||
| 003 | PGUSA | ||
| 005 | 20140828083131.0 | ||
| 008 | 040801s2004||||xxu|||||s|||||000 p eng d | ||
| 040 |
_aPGUSA _beng |
||
| 042 | _adc | ||
| 050 | 4 | _aPN | |
| 050 | 4 | _aPR | |
| 100 | 1 |
_aVaughan, Charles Edwyn, _d1854-1922 |
|
| 245 | 1 | 0 |
_aEnglish literary criticism _h[electronic resource] / _cCharles Edwyn Vaughan |
| 260 |
_bProject Gutenberg, _c2004 |
||
| 505 | 0 | _aIntroduction -- Sir Philip Sidney: An apology for poetry -- John Dryden: Preface to the Fables -- Samuel Johnson: On the metaphysical poets -- Samuel Taylor Coleridge: On poetic genius and poetic diction -- William Hazlitt: On poetry in general -- Charles Lamb: On the artificial comedy of the last century -- On Webster's 'Duchess of Malfi' -- On Ford's 'Broken heart' -- Percy Bysshe Shelley: A defence of poetry -- Thomas Carlyle: Goethe -- Walter Pater: Sandro Botticelli. | |
| 506 | _aPublic domain in the USA. | ||
| 516 | _aElectronic text | ||
| 653 | _aEnglish literature -- History and criticism | ||
| 653 | _aCriticism -- Great Britain | ||
| 700 | 1 |
_aHerford, C. H. _q(Charles Harold), _d1853-1931 |
|
| 830 | 0 |
_aProject Gutenberg _v6320 |
|
| 856 | 4 | 0 | _uhttp://www.gutenberg.org/ebooks/6320 |
| 942 | _cEB | ||
| 999 |
_c235643 _d235643 |
||